| 000 | 00705nam a2200253Ia 4500 | ||
|---|---|---|---|
| 008 | 160803s9999 xx 000 0 und d | ||
| 020 | _a0 590538284 | ||
| 100 | _aDahl, Roald | ||
| 245 | _aBoy : | ||
| 245 | _btales of childhood / | ||
| 245 | _cRoald Dahl. | ||
| 260 | _aNew York : | ||
| 260 | _bScholastic Inc. | ||
| 260 | _c1998 | ||
| 300 | _a176 pages : | ||
| 300 | _billustrations ; | ||
| 300 | _c20 cm | ||
| 500 | _aOriginally published: New York : Puffin Books, c1984. | ||
| 650 | _aAuthors, English -- 20th century -- Biography -- | ||
| 650 | _aDahl, Roald -- Childhood and youth -- | ||
| 650 | _xJuvenile literature. | ||
| 650 | _xJuvenile literature. | ||
| 700 | _a1090 | ||
| 999 |
_c298585 _d298585 |
||